| 000 | 01639cam a22001814a 4500 | ||
|---|---|---|---|
| 005 | 20250605164349.0 | ||
| 008 | 250528s ||||||||||||||||||||||||d | ||
| 035 | _a24069 | ||
| 040 |
_aGR-AtMCL _bgre _dGR-AtMCL _eAACR2 |
||
| 245 | 1 | _aΥπόμνημα των Επιμελητηρίων στους Πολιτικούς Αρχηγούς Ενόψει της 84ης Δ.Ε.Θ. | |
| 260 |
_bΕμπορικό Και Βιομηχανικό Επιμελητήριο Αθηνών, _c2019 |
||
| 300 | _a64 | ||
| 520 | _aΥπόμνημα Ε.Β.Ε.Α. στον Υπουργό Τουρισμού, Προάσπιση των Δικαιωμάτων των Ασφαλιστικών Διαμεσολαβητών, Υπόμνημα Ε.Β.Ε.Α. στον Υπουργό Τουρισμού, Προάσπιση των Δικαιωμάτων των Ασφαλιστικών Διαμεσολαβητ΄ων, Κατάθεση Μελέτης-Έρευνας της Κ.Ε.Ε. για την Ανάπτυξη 88 Επιχειρηματικών Πάρκων το Δίαστημα 2018-2040, Μέτρα για την Επιχειρηματικότητα και την Ανάπτυξη με Ορίζοντα Τετραετίας, Τα Ελληνικά Πλεονάσματα στην Αστάθεια του Διεθνούς Οικονοικού Περιβάλλοντος, Οι Αποκρατικοποιήσεις στην Αγορά της Ενέργειας, Συνεχίζονται οι Υψηλοί Ρυθμοί για τις Εξαγωγές. | ||
| 700 | 1 |
_aΜίχαλος Κωνσταντίνος _94319 |
|
| 942 | _cCR | ||
| 999 |
_c8969 _d8969 |
||